El nuevo senado /
Emisión del programa Nexos TV del 6 de septiembre de 1994, centrada en la reflexión sobre la nueva Cámara de Senadores, luego de los comicios federales mexicanos del 21 de agosto del mismo año. Hasta 1988, el Partido Revolucionario Institucional (PRI) había monopolizado la composición del senado, en...
Guardat en:
| Autor principal: | |
|---|---|
| Altres autors: | , , , , , , |
| Format: | |
| Idioma: | espanyol |
| Publicat: |
México :
Televisión Azteca,
1994, c1994
|
| Col·lecció: | (Nexos TV ;
288) |
| Matèries: | |
| Etiquetes: |
Sense etiquetes, Sigues el primer a etiquetar aquest registre!
|
MARC
| LEADER | 00000ngm^a2200000^a^4500 | ||
|---|---|---|---|
| 001 | 000143658 | ||
| 005 | 20250521000000.0 | ||
| 009 | 20260310095731.599 | ||
| 037 | |a Acervo ITESO - Biblioteca | ||
| 041 | |a ESP | ||
| 082 | |a 320. 972 |b NEX V. 288 | ||
| 100 | |a Cordera Campos, Rolando |e (dir. general) | ||
| 240 | 1 | 1 | |a [Nexos TV] |
| 245 | 1 | 3 | |a El nuevo senado / |c Dir. general de R. Cordera Campos. |
| 264 | 4 | |a México : |b Televisión Azteca, |c 1994, c1994 | |
| 300 | |a 1 videocasete VHS |c (58 min.) | ||
| 336 | |a imagen móvil bidimensional |b tdi |2 rdacontenido | ||
| 337 | |a video |b v |2 rdamedio | ||
| 338 | |a videocasete |b vf |2 rdasoporte | ||
| 440 | 1 | |a (Nexos TV ; |v 288) | |
| 520 | |a Emisión del programa Nexos TV del 6 de septiembre de 1994, centrada en la reflexión sobre la nueva Cámara de Senadores, luego de los comicios federales mexicanos del 21 de agosto del mismo año. Hasta 1988, el Partido Revolucionario Institucional (PRI) había monopolizado la composición del senado, en tanto que las elecciones de 1994 implicaron una integración con 95 representates del PRI, 25 del Partido Acción Nacional (PAN) y ocho del Partido de la Revolución Democrática (PRD). Participaron en el programa tres senadores: Cristóbal Arias Solís, del PRD; Gabriel Jiménez Remus, del PAN, y Fernando Solana Morales, del PRI. | ||
| 649 | |a XX | ||
| 650 | |a Programas de Opinión y Debate | ||
| 650 | |a Debates y el Arte de Discutir | ||
| 650 | |a Cámara de Senadores - |z México - |x Historia - |y 1994-2000 - |x Tema Principal | ||
| 650 | |a Cámara de Senadores - |z México - |x Historia - |y Siglo XX | ||
| 650 | |a Congreso de la Unión - |z México - |x Historia | ||
| 650 | |a Poder Legislativo - |z México - |x Historia | ||
| 650 | |a Partido Acción Nacional - |z México - |x Historia | ||
| 650 | |a Partido de la Revolución Democrática - |z México - |x Historia | ||
| 650 | |a Partido Revolucionario Institucional - |z México - |x Historia | ||
| 650 | |a Partidos Políticos - |z México - |x Historia | ||
| 650 | |a Oposición Política - |z México - |x Historia | ||
| 650 | |a Democratización - |z México - |x Historia | ||
| 650 | |a Democracia - |z México - |x Historia | ||
| 650 | |a México - |x Condiciones Políticas | ||
| 650 | |a Política - |z México - |x Historia - |y 1988-1994 | ||
| 650 | |a Política - |z México - |x Historia - |y 1994-2000 | ||
| 650 | |a Política - |z México - |x Historia - |y Siglo XX | ||
| 700 | |a Sánchez Rebolledo, Adolfo |e (coordinación) | ||
| 700 | |a Gutiérrez, Marcela |e (producción) | ||
| 700 | |a Huacuja, Mario |e (guión) | ||
| 700 | |a Aguilar Camín, Héctor |e (asesoría) | ||
| 700 | |a Arias Solís, Cristóbal |e (conferencia) | ||
| 700 | |a Jiménez Remus, Gabriel |e (conferencia) | ||
| 700 | |a Solana, Fernando |e (conferencia) | ||
| 910 | |a Fondo General | ||
| 920 | |a Audiovisuales - Videocasetes | ||
| 905 | |a 301 | ||
| 901 | |a 0500072602 |b IT2 |c VIS |u 20250521 | ||
| 902 | |a https://opac.biblio.iteso.mx/vufind/Record/000143658 | ||